000
00334 a2200157 4500
001
64147
020
_a
8516093440
040
_c
Anchieta - Pituba
100
_a
Dreguer, Ricardo
240
1
0
_a
O homem-pássaro
_l
por
245
1
0
_a
O homem-pássaro
300
_a
48p.
362
0
_a
2014
650
4
_a
Literatura juvenil
942
_c
BK
999
_c
64147
_d
64147